[Event "GBR-ch Major 105th"]
[Site "Hull"]
[Date "2018.08.03"]
[Round "7"]
[White "Easwar, Dhruv"]
[Black "Watson, Steven L"]
[Result "1/2-1/2"]
[WhiteElo "1793"]
[BlackElo "1613"]
[PlyCount "51"]
[EventDate "2018.07.28"]
[EventType "swiss"]
[EventRounds "9"]
[EventCountry "ENG"]
[SourceTitle "CBM 185 Extra"]
[Source "ChessBase"]
[SourceDate "2018.07.29"]
[SourceVersion "1"]
[SourceVersionDate "2018.07.29"]
[SourceQuality "1"]

1. e4 e5 2. Nf3 Nc6 3. Bb5 a6 4. Ba4 Nf6 5. 0-0 Be7 6. Re1 b5 7. Bb3 0-0 8. a4 Bb7 9. Nc3 b4 10. Nd5 d6 11. Nxe7+ Nxe7 12. d3 Ng6 13. g3 c5 14. h4 h6 15. Nh2 Bc8 16. h5 Ne7 17. g4 Nh7 18. Qf3 Be6 19. Qg3 Bxb3 20. cxb3 Nc6 21. Qf3 Nd4 22. Qd1 Qh4 23. Kg2 Ng5 24. Bxg5 Qxg5 25. Kh1 Qf4 26. Kg2 1/2-1/2

[Event "GBR-ch Major 105th"]
[Site "Hull"]
[Date "2018.07.29"]
[Round "2"]
[White "Rice, Christopher"]
[Black "Easwar, Dhruv"]
[Result "1-0"]
[WhiteElo "1972"]
[BlackElo "1793"]
[PlyCount "107"]
[EventDate "2018.07.28"]
[EventType "swiss"]
[EventRounds "9"]
[EventCountry "ENG"]
[SourceTitle "CBM 185 Extra"]
[Source "ChessBase"]
[SourceDate "2018.07.29"]
[SourceVersion "1"]
[SourceVersionDate "2018.07.29"]
[SourceQuality "1"]

1. c4 e5 2. g3 Nf6 3. Bg2 d5 4. cxd5 Nxd5 5. Nc3 Nb6 6. Nf3 Nc6 7. 0-0 Be7 8. a3 a5 9. d3 0-0 10. Be3 Be6 11. Rc1 Nd5 12. Nxd5 Bxd5 13. Qa4 f5 14. Qb5 Bf6 15. Rc5 Na7 16. Qa4 b6 17. Rxd5 Qxd5 18. Nd2 Qe6 19. Bxa8 Rxa8 20. Qc2 c5 21. Nc4 Nc8 22. Qa4 Ne7 23. b4 f4 24. Bd2 cxb4 25. axb4 fxg3 26. hxg3 e4 27. bxa5 exd3 28. exd3 bxa5 29. Nxa5 Qe2 30. Qe4 Qxe4 31. dxe4 Rd8 32. Be3 Ng6 33. Nc4 Rc8 34. Rc1 Nf8 35. e5 Be7 36. Kg2 Ne6 37. f4 Ra8 38. Kf3 g6 39. Ke4 Nc5+ 40. Bxc5 Bxc5 41. Kd5 Bf2 42. g4 Rf8 43. Ke4 Bg3 44. Rf1 Kg7 45. f5 gxf5+ 46. gxf5 h5 47. Nd6 Ra8 48. f6+ Kf8 49. Rf3 h4 50. Kf5 Ra5 51. Re3 Bh2 52. Nc4 Rc5 53. Re4 h3 54. Rh4 1-0

[Event "BCF-ch U11"]
[Site "Bournemouth"]
[Date "2016.08.03"]
[Round "5"]
[White "Easwar, Dhruv"]
[Black "Akeya Price, Robert A"]
[Result "1/2-1/2"]
[WhiteElo "1357"]
[BlackElo "1669"]
[PlyCount "77"]
[EventDate "2016.07.31"]
[EventType "swiss"]
[EventRounds "7"]
[EventCountry "ENG"]
[SourceTitle "CBM 173 Extra"]
[Source "ChessBase"]
[SourceDate "2016.08.29"]
[SourceVersion "1"]
[SourceVersionDate "2016.08.29"]
[SourceQuality "1"]

1. e4 c6 2. d4 d5 3. Nc3 dxe4 4. Nxe4 Bf5 5. Ng3 Bg6 6. Nf3 Nd7 7. Bd3 Bxd3 8. Qxd3 Ngf6 9. Be3 Qa5+ 10. Bd2 Qb6 11. 0-0 e6 12. Rfe1 Be7 13. Bc3 0-0 14. Nf5 Bb4 15. Bxb4 Qxb4 16. Ne3 b5 17. a3 Qd6 18. Rad1 Rad8 19. c4 a6 20. cxb5 cxb5 21. b4 h6 22. Rd2 Nd5 23. Nxd5 Qxd5 24. Ne5 Nxe5 25. Rxe5 Qb7 26. h3 Rd5 27. Rxd5 exd5 28. Re2 Rc8 29. Qe3 Qc6 30. Kh2 Qc3 31. Qxc3 Rxc3 32. Re3 Rc4 33. Rd3 Kf8 34. Kg3 Ke7 35. Kg4 g6 36. Kf4 Kf6 37. Ke3 Ke6 38. Rb3 Rc2 39. Rd3 1/2-1/2

[Event "BCF-ch U12"]
[Site "Bournemouth"]
[Date "2016.07.29"]
[Round "6"]
[White "Easwar, Dhruv"]
[Black "Desai, Nilomi"]
[Result "1-0"]
[WhiteElo "1357"]
[BlackElo "1489"]
[PlyCount "101"]
[EventDate "2016.07.24"]
[EventType "swiss"]
[EventRounds "7"]
[EventCountry "ENG"]
[SourceTitle "EXT 2017"]
[Source "ChessBase"]
[SourceDate "2016.10.25"]
[SourceVersion "1"]
[SourceVersionDate "2016.10.25"]
[SourceQuality "1"]

1. e4 c6 2. d4 d5 3. Nc3 dxe4 4. Nxe4 Bf5 5. Ng3 Bg6 6. Nf3 Nd7 7. Bd3 Bxd3 8. Qxd3 e6 9. 0-0 Ngf6 10. Bd2 Be7 11. Qb3 Qb6 12. Qxb6 axb6 13. a3 0-0 14. Rfe1 Rfd8 15. Rad1 c5 16. dxc5 bxc5 17. Bg5 h6 18. Bf4 Nd5 19. Rxd5 exd5 20. Rxe7 Rac8 21. Nf5 Nf6 22. Rxb7 Ra8 23. h3 Ra6 24. Ne5 Re8 25. Rxf7 Nh5 26. Ne7+ Rxe7 27. Rxe7 Nxf4 28. Kh2 Ne6 29. Re8+ Kh7 30. Nd7 Rd6 31. Nf8+ Kg8 32. Rxe6 Rxe6 33. Nxe6 c4 34. a4 Kf7 35. Nd4 Ke7 36. Kg3 Kd7 37. Kf4 Kc7 38. Ke5 Kb6 39. Kxd5 Ka5 40. Kxc4 Kxa4 41. b4 h5 42. h4 g6 43. g3 g5 44. hxg5 h4 45. gxh4 Ka3 46. b5 Kb2 47. b6 Kc1 48. b7 Kd1 49. b8Q Kc1 50. Kc3 Kd1 51. Qb1# 1-0

[Event "BCF-ch Week1 PM op"]
[Site "Bournemouth"]
[Date "2016.07.29"]
[Round "5"]
[White "Fernandes, Joshua"]
[Black "Easwar, Dhruv"]
[Result "1-0"]
[WhiteElo "1834"]
[BlackElo "1357"]
[PlyCount "69"]
[EventDate "2016.07.25"]
[EventType "swiss"]
[EventRounds "5"]
[EventCountry "ENG"]
[SourceTitle "CBM 173 Extra"]
[Source "ChessBase"]
[SourceDate "2016.08.29"]
[SourceVersion "1"]
[SourceVersionDate "2016.08.29"]
[SourceQuality "1"]

1. e4 e5 2. Nc3 Nf6 3. Bc4 Bc5 4. d3 h6 5. Be3 Bb6 6. a4 Nc6 7. Nge2 0-0 8. Bxb6 axb6 9. 0-0 d6 10. f4 Ng4 11. Qd2 Be6 12. h3 Nf6 13. Bb5 Na7 14. f5 Bd7 15. Bc4 Bc6 16. Qe3 Re8 17. Qf3 Qd7 18. Bb3 Rad8 19. Rad1 d5 20. g4 d4 21. Nb5 Nxb5 22. axb5 Bxb5 23. Rd2 Nh7 24. h4 Qe7 25. Qh3 Qf6 26. Ng3 Rd6 27. Rh2 Rf8 28. g5 Nxg5 29. hxg5 Qxg5 30. Rg2 Qe3+ 31. Kh1 c5 32. Qg4 Qg5 33. Qf3 Qe3 34. Qxe3 dxe3 35. Nh5 1-0

[Event "BCF-ch Week1 PM op"]
[Site "Bournemouth"]
[Date "2016.07.27"]
[Round "3"]
[White "Easwar, Dhruv"]
[Black "Pafura, Godfrey"]
[Result "0-1"]
[WhiteElo "1357"]
[BlackElo "2061"]
[PlyCount "52"]
[EventDate "2016.07.25"]
[EventType "swiss"]
[EventRounds "5"]
[EventCountry "ENG"]
[SourceTitle "CBM 173 Extra"]
[Source "ChessBase"]
[SourceDate "2016.08.29"]
[SourceVersion "1"]
[SourceVersionDate "2016.08.29"]
[SourceQuality "1"]

1. e4 c6 2. d4 d5 3. Nc3 e6 4. exd5 cxd5 5. Nf3 Nc6 6. Bd3 Bd6 7. 0-0 a6 8. a3 Nf6 9. Be3 0-0 10. h3 Qc7 11. Qd2 Ne8 12. Ne2 f5 13. Bf4 Nf6 14. Bxd6 Qxd6 15. Qf4 Qd8 16. Nd2 Ne4 17. f3 g5 18. Qe3 f4 19. Nxf4 gxf4 20. Qe1 Ng3 21. Rf2 Nxd4 22. Nf1 Qb6 23. Qe5 Rf7 24. Nxg3 fxg3 25. Qxg3+ Rg7 26. Qh4 Nxf3+ 0-1

[Event "BCF-ch U11"]
[Site "Coventry"]
[Date "2015.07.27"]
[Round "1"]
[White "Rushbrooke, Remy"]
[Black "Easwar, Dhruv"]
[Result "1-0"]
[WhiteElo "1663"]
[BlackElo "1259"]
[PlyCount "37"]
[EventDate "2015.07.27"]
[EventType "swiss"]
[EventRounds "7"]
[EventCountry "ENG"]
[SourceTitle "EXT 2016"]
[Source "ChessBase"]
[SourceDate "2015.10.08"]
[SourceVersion "1"]
[SourceVersionDate "2015.10.08"]
[SourceQuality "1"]

1. Nf3 d5 2. e4 dxe4 3. Ng5 Nf6 4. Bc4 e6 5. Nc3 Qd4 6. d3 exd3 7. Bxd3 Bb4 8. Bb5+ c6 9. Qxd4 Bxc3+ 10. Qxc3 cxb5 11. Qxc8+ Ke7 12. Qxh8 h6 13. Nh7 Nfd7 14. Qxg7 Nc6 15. Bxh6 Nb4 16. 0-0-0 Rc8 17. Bg5+ Ke8 18. Qg8+ Nf8 19. Qxf8# 1-0